00528nam a22001457a 4500020001500000040000900015082001300024100002500037245009800062260003600160650005300196942001200249999001900261952010200280 a8120330471 cNUST a621bSAW aSawhney , G.S963721 aFundamentals of Mechanical Engineering:bThermodynamics ,Mechanics and Strength of Materials aIndia:bPrentice - Hall,c2006. aFundamentals of Mechanical Engineering:9123635 2ddccBK c609767d609767 00102ddc4070aCEMEbCEMEcGENd2024-06-13l0o621 SAWpCEME- 43600r2024-06-13w2024-06-13yBK